| 000 | 00394nam a22001337a 4500 | ||
|---|---|---|---|
| 008 | 240925b |||||||| |||| 00| 0 eng d | ||
| 020 | _a9781645473633 | ||
| 082 | _a895.61 LEV | ||
| 100 | _aLevitt, Peter. | ||
| 245 |
_aBlossom awakening : _bthe life and poetry of wandering monk. |
||
| 260 |
_aColorado : _bSambhala Publications, _c2025. |
||
| 300 |
_axi, 295 p. _bill. ; _c24 cm. |
||
| 942 | _2ddc | ||
| 999 |
_c10471 _d10472 |
||